| 000 | 004080000a22001450004500 | ||
|---|---|---|---|
| 090 |
_aAR _b00880 |
||
| 245 | 1 | 0 | _aIncreasing turnover through time in tropical forests |
| 650 | 1 | 4 |
_aEcología forestal _993578 |
| 650 | 1 | 4 |
_aBosques tropicales _992765 |
| 041 | 0 | _aInglés | |
| 700 | 1 |
_aGentry, Alwyn H. _93673 |
|
| 100 | 1 |
_aPhillips, Oliver L. _994069 |
|
| 942 | _cARTICULO | ||
| 773 | 1 |
_tScience _3685 _q954-958 _d1989? |
|
| 999 |
_c9968 _d9968 |
||